000 01020cam a2200301 a 4500
008
020 _a1565920465
049 _aMAIN
090 _aREF TK5105.73
_bFRE
100 1 _aFrey, Donnalyn.
245 1 0 _aA directory of electronic mail addressing & networks /
_cDonnalyn Frey and Rick Adams.
246 3 0 _aDirectory of electronic mail addressing & networks
250 _a4th ed.
260 _aSebastopol, CA :
_bO'Reilly & Associates,
_cc1994.
300 _axix, 640 p. ;
_c24 cm.
440 2 _aA Nutshell handbook
500 _aOn cover: UNIX communications.
500 _aIncludes index.
650 0 _aElectronic mail systems
_vDirectories.
650 0 _aComputer networks
_vDirectories.
700 1 _aAdams, Rick
_q(Richard L.)
700 1 _aFrey, Donnalyn.
_tDirectory of electronic mail addressing & networks.
907 _a.b10072597
_b13-01-10
_c17-04-03
003
005 20230120191409.0
040 _cNUST
942 _cBOOKS
_kREF TK5105.73
_mFRE
999 _c100382
_d100382